Largest cities in the most populated countries - Statistics

General Stats
  • This quiz has been taken 72 times
  • The average score is 59 of 72
Answer Stats
Population Country City name % Correct
18,8 m Thailand Bangkok
100%
30,3 m India Delhi
100%
16,0 m Turkey Istanbul
100%
31,3 m Indonesia Jakarta
100%
23,0 m Mexico Mexico City
100%
25,1 m India Mumbai
100%
17,7 m Japan Osaka
100%
33,6 m China Shanghai
100%
15,3 m Iran Tehran
100%
40,4 m Japan Tokyo
100%
19,8 m China Beijing
98%
21,0 m Egypt Cairo
98%
20,2 m Bangladesh Dhaka
98%
19,4 m Nigeria Lagos
98%
17,3 m Russia Moscow
98%
22,1 m United States New York City
98%
22,4 m Brazil Sao Paulo
98%
46,7 m China Guangzhou
97%
6,75 m United States Houston
97%
16,8 m India Kolkata
97%
17,7 m United States Los Angeles
97%
25,7 m Philippines Manila
97%
13,2 m Brazil Rio de Janeiro
97%
5,80 m Egypt Alexandria
95%
5,05 m Turkey Ankara
95%
9,75 m United States Chicago
95%
8,60 m Vietnam Ho Chi Minh City
95%
17,8 m Pakistan Karachi
95%
12,4 m D.R Congo Kinshasa
95%
8,55 m United States Washington D.C
95%
11,3 m India Chennai
93%
4,72 m Germany Berlin
92%
7,20 m United States Dallas
92%
7,35 m United States Philadelphia
92%
5,65 m Russia Saint Petersburg
92%
7,75 m United States Boston
90%
13,0 m Pakistan Lahore
90%
12,2 m India Bangalore
88%
9,05 m China Wuhan
88%
5,35 m Mexico Guadalajara
85%
6,40 m United States Miami
85%
7,85 m United States San Francisco
85%
12,7 m China Tianjin
85%
6,95 m China Xi'an
85%
10,2 m India Hyderabad
83%
10,5 m Japan Nagoya
81%
10,0 m China Xiamen
81%
9,60 m China Chengdu
78%
5,00 m Brazil Belo Horizonte
76%
8,15 m China Chongqing
75%
5,85 m United States Atlanta
73%
5,75 m United States Detroit
73%
4,70 m Nigeria Kano
73%
4,92 m Bangladesh Chittagong
71%
7,50 m China Hong Kong
71%
5,00 m Mexico Monterrey
71%
8,50 m India Ahmedabad
66%
5,10 m China Harbin
66%
6,60 m China Nanjing
66%
4,70 m United States Phoenix
63%
6,10 m China Qingdao
59%
6,90 m India Pune
58%
8,45 m China Hangzhou
56%
6,10 m Indonesia Surabaya
56%
6,95 m Indonesia Bandung
54%
8,00 m China Shenyang
47%
6,60 m India Surat
42%
4,95 m China Zhengzhou
42%
4,92 m China Changsha
36%
4,95 m China Hefei
34%
5,35 m China Wenzhou
31%
7,65 m China Shantou
17%
No matching quizzes found
Score Distribution
Percent of People with Each Score
Percentile by Number Answered
Your Score History
You have not taken this quiz